Capital : (Record no. 14042)

000 -LEADER
fixed length control field 00937cam a2200265 a 4500
020 ## - INTERNATIONAL STANDARD BOOK NUMBER
ISBN 0140445684 :
040 ## - CATALOGING SOURCE
Transcribing agency DLC
082 00 - DEWEY DECIMAL CLASSIFICATION NUMBER
Classification number 335 PEN 1981 A064 Or.
100 1# - MAIN ENTRY--AUTHOR NAME
Personal name Marx, Karl,
245 10 - TITLE STATEMENT
Title Capital :
Remainder of title a critique of political economy /
260 ## - PUBLICATION, DISTRIBUTION, ETC. (IMPRINT)
Place of publication London ;
-- New York, N.Y. :
Name of publisher Penguin Books in association with New Left Review,
Year of publication <1981-1990 >
300 ## - PHYSICAL DESCRIPTION
Number of Pages v. <1, 3 > ;
Dimensions 20 cm.
490 1# - SERIES STATEMENT
Series statement v. 1: Penguin classics
490 1# - SERIES STATEMENT
Series statement v. 3: The Pelican Marx library
500 ## - GENERAL NOTE
General note Translation of: Das Kapital.
500 ## - GENERAL NOTE
General note Vol. <3 > translated by David Fernbach.
650 #0 - SUBJECT ADDED ENTRY--TOPICAL TERM
Topical Term Capital.
650 #0 - SUBJECT ADDED ENTRY--TOPICAL TERM
Topical Term Economics.
700 1# - ADDED ENTRY--PERSONAL NAME
Personal name Fowkes, Ben.
700 1# - ADDED ENTRY--PERSONAL NAME
Personal name Fernbach, David.
856 42 - ELECTRONIC LOCATION AND ACCESS
Uniform Resource Identifier http://www.loc.gov/catdir/enhancements/fy1206/82188249-d.html
856 41 - ELECTRONIC LOCATION AND ACCESS
Uniform Resource Identifier http://www.loc.gov/catdir/enhancements/fy1206/82188249-t.html
856 42 - ELECTRONIC LOCATION AND ACCESS
Uniform Resource Identifier http://www.loc.gov/catdir/enhancements/fy1505/82188249-b.html
942 ## - ADDED ENTRY ELEMENTS (KOHA)
Koha item type សៀវភៅភាសាអង់គ្លេស
952 ## - LOCATION AND ITEM INFORMATION (KOHA)
Withdrawn status [LOCAL, KOHA] 0
Holdings
Permanent Location Date acquired Koha item type Lost status Shelving location Barcode Current Location Full call number
Library Block A2017-10-05សៀវភៅភាសាអង់គ្លេស A073A07058Library Block A335 PEN 1981 A073 Or.
មជ្ឈមណ្ឌលឯការនៃសាកលវិទ្យាល័យភូមិន្ទកសិកម្មចំការដូង

Powered by Koha